000
00343nam a2200145Ia 4500
008
150201s2011 xx 000 0 und d
082
_a
617.6
_b
D2001J
100
_a
JOHN ROWRON
245
_a
DENTISTRY
250
_a
1ST
260
_b
AITBS
_a
DELHI
_c
20011
300
_a
1-118
650
_a
PREVENTIVE AND COMMUNITY DENTISTRY
942
_2
ddc
_c
BK
999
_c
2971
_d
2971